000
00232nam a2200097Ia 4500
008
170619s9999 xx 000 0 und d
100
_a
KUMAR ARCHANA
245
0
_a
PRINCIPLES OF SOFTWARE ENGG
260
_b
ARIHANT PRAKASHAN
260
_c
2010
546
_a
ENGLISH
999
_c
19276
_d
19276